000 00622cam a22002173a 4500
001 44889
003 PGUSA
005 20140828084026.0
008 140213s2014||||xxu|||||s|||||000 | eng d
040 _aPGUSA
_beng
042 _adc
100 1 _aJohnston, David E.
245 1 4 _aThe Story of a Confederate boy in the Civil War
_h[electronic resource] /
_cDavid E. Johnston
260 _bProject Gutenberg,
_c2014
506 _aPublic domain in the USA.
516 _aElectronic text
700 1 _aCline, C. E.
830 0 _aProject Gutenberg
_v44889
856 4 0 _uhttp://www.gutenberg.org/ebooks/44889
942 _cEB
999 _c274140
_d274140